<?xml version="1.0" encoding="UTF-8"?><?xml-stylesheet type="text/xsl" href="static/style.xsl"?><OAI-PMH xmlns="http://www.openarchives.org/OAI/2.0/" xmlns:xsi="http://www.w3.org/2001/XMLSchema-instance" xsi:schemaLocation="http://www.openarchives.org/OAI/2.0/ http://www.openarchives.org/OAI/2.0/OAI-PMH.xsd"><responseDate>2026-04-14T18:17:51Z</responseDate><request verb="GetRecord" identifier="oai:uvadoc.uva.es:10324/962" metadataPrefix="marc">https://uvadoc.uva.es/oai/request</request><GetRecord><record><header><identifier>oai:uvadoc.uva.es:10324/962</identifier><datestamp>2021-06-18T09:13:35Z</datestamp><setSpec>com_10324_38</setSpec><setSpec>col_10324_787</setSpec></header><metadata><record xmlns="http://www.loc.gov/MARC21/slim" xmlns:doc="http://www.lyncode.com/xoai" xmlns:xsi="http://www.w3.org/2001/XMLSchema-instance" xmlns:dcterms="http://purl.org/dc/terms/" xsi:schemaLocation="http://www.loc.gov/MARC21/slim http://www.loc.gov/standards/marcxml/schema/MARC21slim.xsd">
<leader>00925njm 22002777a 4500</leader>
<datafield tag="042" ind1=" " ind2=" ">
<subfield code="a">dc</subfield>
</datafield>
<datafield tag="720" ind1=" " ind2=" ">
<subfield code="a">Bazaine Gallegos, Victoria T.</subfield>
<subfield code="e">author</subfield>
</datafield>
<datafield tag="260" ind1=" " ind2=" ">
<subfield code="c">2011</subfield>
</datafield>
<datafield tag="520" ind1=" " ind2=" ">
<subfield code="a">El presente trabajo ofrece un diagnóstico del programa de acercamiento intergeneracional que opera en la Universidad de Valladolid, para proponer mejoras en la gestión y comunicación del mismo</subfield>
</datafield>
<datafield tag="024" ind2=" " ind1="8">
<subfield code="a">http://uvadoc.uva.es/handle/10324/962</subfield>
</datafield>
<datafield ind1=" " ind2=" " tag="653">
<subfield code="a">Personas de edad-Relaciones con la juventud</subfield>
</datafield>
<datafield ind1=" " ind2=" " tag="653">
<subfield code="a">Universidades-Aspecto social-España-Valladolid</subfield>
</datafield>
<datafield tag="245" ind1="0" ind2="0">
<subfield code="a">Reuniendo a jóvenes y mayores en Segovia: algunas propuestas para el programa intergeneracional de la Universidad de Valladolid</subfield>
</datafield>
</record></metadata></record></GetRecord></OAI-PMH>